Statistiques concernant Culture Générale - Série 309

Cliquez ici pour prendre le quiz!

Statistiques générales

  • Ce quiz a été pris 152 fois
  • Le résultat moyen est 4 sur 10

Statistiques - réponses

QuestionRéponse% Correct
Quelle est la 10e lettre de notre alphabet ?J
99%
Que fait le regard de la fille aux "yeux revolver" de Marc Lavoine ?Il tue
84%
De quel roi de France Sully fut-il le principal ministre ?Henri IV
61%
Dans quel sport l'Américaine Marion Jones s'est-elle illustrée ?Athlétisme
44%
Quel "temps" est chanté par Bruno Pelletier en 1998 ? ...des cathédrales
41%
Selon "Le Cid", combien se virent-ils "en arrivant au port" ?3 000
24%
Au 421, quelle combinaison est appelée "nénette" ?221
15%
Qui joue le caissier de supermarché dont Nikita tombe amoureuse en 1990 ?Jean-Hugues Anglade
13%
Qui animait les duplex en province dans "Les Jeux de 20 heures" ?Jean-Pierre Descombes
11%
Quel chanteur nous propose ses "Crayons de couleur" en 1966 ?Hugues Aufray
10%

Distribution des résultats

Percentile par nombre de réponses

% des personnes avec chaque résultat

Votre développement - résultats

Vous n’avez pas pris ce quiz